00362pab a2200121 454500008004000000100002300040245008000063260000900143300001300152362002100165650002100186773003300207180718b2008 xxu||||| |||| 00| 0 eng d aThompson, Frank J. aState and local governance fifteen years later: enduring and new challenges c2008 ap.S8-19. aDec (Supplement) aLocal government aPublic Administration Review